| 000 | 00853nam a22002417a 4500 | ||
|---|---|---|---|
| 003 | 0 | ||
| 005 | 20250930092415.0 | ||
| 008 | 250930b xxu||||| |||| 00| 0 eng d | ||
| 020 | _a979-8-214-14361-3 | ||
| 050 |
_aBF 76.5 _b.G73 2026 |
||
| 100 |
_aGravetter, Frederick J., _eauthor. |
||
| 245 |
_aResearch methods for the behavioral sciences / _cFrederick J. Gravetter, Lori-Ann B. Forzano, and James E. Witnauer. |
||
| 250 | _aSeventh edition. | ||
| 260 |
_aMason, OH : _bCengage, _c2026. |
||
| 300 |
_axxvi, 563 pages ; _c28 cm. |
||
| 504 | _aIncludes bibliographical references and index. | ||
| 650 |
_aPsychology _xResearch _vMethodology. |
||
| 650 |
_aBehavioral sciences _xResearch _vMethodology. |
||
| 650 |
_aResearch _xMethodology. |
||
| 700 |
_aForzano, Lori-Ann B., _eauthor. |
||
| 700 |
_aWitnauer, James E., _eauthor. |
||
| 942 |
_2lcc _cBK |
||
| 999 |
_c368144 _d368144 |
||